Hagyományok és kulturális örökség Zalaegerszegen - A kultúraközvetítő intézmények gyakorlati szerepe

Bibliográfiai részletek
Szerző: Bódis Nikolett
További közreműködők: Schultz Dr. Éva
Dokumentumtípus: Diplomadolgozat
Kulcsszavak:hagyományok
intézményi gyakorlat
kulturális örökség
kultúraközvetítés
Zalaegerszeg
Online Access:http://dolgozattar.uni-bge.hu/59572

MARC

LEADER 00000nta a2200000 i 4500
001 dolg59572
005 20260409145239.0
008 260409suuuu hu om 000 hun d
040 |a BGE Dolgozattár Repozitórium  |b hun 
041 |a hu 
100 1 |a Bódis Nikolett 
245 1 0 |a Hagyományok és kulturális örökség Zalaegerszegen - A kultúraközvetítő intézmények gyakorlati szerepe  |c Bódis Nikolett  |h [elektronikus dokumentum] 
520 3 |a A dolgozat célja, hogy feltárja, milyen módon történik a kulturális örökség és a hagyományok közvetítése és megőrzése Zalaegerszegen. A kutatás elsősorban három intézmény – a Gébárti Regionális Népi Kézműves Alkotóház, a Göcseji Tudásközpont-Zalaegerszegi Helyi Termék Piac és a Göcseji Skanzen – tevékenységét vizsgálta, valamint a városi kulturális szintér nagyobb részére is kitekintett. A kutatási kérdések azt vizsgálták, hogy milyen kulturális értékek kerülnek közvetítésre, milyen módszerekkel és formákban történik az átadásuk, hogyan kapcsolódnak az intézmények a helyi közösségekhez, milyen közösségépítő szerepük van, illetve milyen kihívásokkal szembesülnek tevékenységük során. Az eredmények alapján megállapítható, hogy a vizsgált helyeken a hagyományok és kulturális örökség megőrzése nem csupán intézményi feladat, hanem élő közösségi gyakorlat is. Az intézmények valamennyire különböző, de egymást kiegészítő módon vesznek részt az értékek közvetítésében: a közösségi alkotás és kézművesség helyeként, a hagyományos tudás közvetítőiként és múzeumi interpretáció révén. A kutatás hozzájárulhat a hagyományközvetítés és közösségi kulturális gyakorlatok jobb megértéséhez, megismeréséhez és alapot nyújthat további, alkalmazott kutatásokhoz és fejlesztésekhez. 
695 |a hagyományok 
695 |a intézményi gyakorlat 
695 |a kulturális örökség 
695 |a kultúraközvetítés 
695 |a Zalaegerszeg 
700 1 |a Schultz Dr. Éva  |e ths 
856 4 0 |u http://dolgozattar.uni-bge.hu/59572/1/B%C3%B3dis_Nikolett_Szakdolgozat.pdf  |z Dokumentum-elérés 
856 4 0 |u http://dolgozattar.uni-bge.hu/59572/2/B%C3%B3dis%20Nikolett%20%C3%A9rrt%C3%A9kel%C3%A9s.pdf  |z Dokumentum-elérés 
856 4 0 |u http://dolgozattar.uni-bge.hu/59572/3/B%C3%B3dis%20Nikolett_konzulensi_Schultz%20%C3%89va.pdf  |z Dokumentum-elérés